|
|
|
|
| LEADER |
01005nam a2200241 a 4500 |
| 001 |
GR-MES236 |
| 008 |
991111s1991 be 000 b eng d |
| 020 |
|
|
|a 9071625095
|
| 040 |
|
|
|a GrPaTEI
|b gre
|c GR-PaULI
|
| 245 |
0 |
0 |
|a Larvi`91 :
|b International symposium on fish and crustacean larviculture Gent, Belgium 27-30, 1991.
|
| 260 |
|
|
|a Belgium :
|b European aquaculture society. Special publication No.15,
|c 1991
|
| 300 |
|
|
|a xviii, 429σελ. :
|b εικ.,πιν.
|
| 650 |
|
4 |
|a Γλυκά νερά
|
| 650 |
|
4 |
|a Ιχθυοκαλλιέργεια
|
| 650 |
|
4 |
|a Οστρακοειδή
|
| 650 |
|
4 |
|a ΣΥΜΠΟΣΙΑ
|
| 650 |
|
4 |
|a Ψάρια
|
| 700 |
1 |
|
|a Lanens, P.
|
| 710 |
0 |
|
|a European aquaculture society. Special publication No.15
|
| 942 |
|
|
|2 ddc
|
| 952 |
|
|
|0 0
|1 0
|2 ddc
|4 0
|6 597_000000000000000_LAV
|7 0
|9 263484
|a MSLG
|b MSLG
|c BSC
|d 2021-01-17
|e 24
|f 0
|g 0.00
|l 0
|o 597 LAV
|p 2420000003869
|r 2021-01-17 00:00:00
|t 1
|w 2021-01-17
|y BK15
|x 19991111 0 1
|x GrPaTEI
|
| 971 |
|
|
|a .b25712779
|b 15-04-20
|c 13-09-16
|
| 999 |
|
|
|c 151673
|d 151673
|